| 000 | 00370nam a22001457a 4500 | ||
|---|---|---|---|
| 003 | MACL | ||
| 005 | 20190828162307.0 | ||
| 008 | 190828b xxu||||| |||| 00| 0 eng d | ||
| 040 | _cMACL | ||
| 100 | _4Sharnam, Acharya Sarvabhoot | ||
| 245 | _aFundamentals of Yoga Education | ||
| 260 |
_aDelhi _bPratibha books Dist. _c2018 |
||
| 650 |
_aYOGA _976430 |
||
| 942 |
_2ddc _cBK |
||
| 999 |
_c60862 _d60862 |
||